Guide to SBC05 (Record no. 107599)

MARC details
000 -LEADER
fixed length control field 01581cam a22002895a 4500
001 - CONTROL NUMBER
control field L141005
008 - FIXED-LENGTH DATA ELEMENTS--GENERAL INFORMATION
fixed length control field 071024s2006 xxk f 001 0 eng d
020 ## - INTERNATIONAL STANDARD BOOK NUMBER
International Standard Book Number 1859461891
-- 9781859461891
035 ## - SYSTEM CONTROL NUMBER
System control number (Sirsi) u141005
041 0# - LANGUAGE CODE
Language code of text/sound track or separate title eng
050 04 - LIBRARY OF CONGRESS CALL NUMBER
Classification number 692.8 $2 18
100 1# - MAIN ENTRY--PERSONAL NAME
Personal name Lupton, Sarah
245 00 - TITLE STATEMENT
Title Guide to SBC05
260 ## - PUBLICATION, DISTRIBUTION, ETC.
Place of publication, distribution, etc. London
Name of publisher, distributor, etc. RIBA
Date of publication, distribution, etc. 2006
300 ## - PHYSICAL DESCRIPTION
Extent xi, 183p.
Dimensions 25cm.
350 ## - PRICE (NR) (BK AM CF MU VM SE) [OBSOLETE]
Price 39.95
505 2# - FORMATTED CONTENTS NOTE
Formatted contents note About SBC05 -- Comparison with JCT98 -- The contract documents -- Contractor's obligations -- Programme -- Control of the works -- Sums properly due -- Payment -- Insurance -- Termination -- Dispute resolution -- Appendices: clause comparison table; activity schedule
520 ## - SUMMARY, ETC.
Summary, etc. Provides practical guidance on the operation and administration of the JCT Standard Form of Building Contract (2005 edition). Gives an overview of the form, explains why it might be selected, and looks at the various documents that might form part of the contract package. Includes comparisons with JCT98 and examines SBC05 on a topic by topic basis. Case law.
520 ## - SUMMARY, ETC.
Summary, etc. Supersedes "Guide to JCT98" (ISBN 1859460461).
521 2# - TARGET AUDIENCE NOTE
Target audience note Advanced
650 24 - SUBJECT ADDED ENTRY--TOPICAL TERM
Topical term or geographic name entry element JCT STANDARD BUILDING CONTRACT WITH QUANTITIES (2005 EDITION)
650 24 - SUBJECT ADDED ENTRY--TOPICAL TERM
Topical term or geographic name entry element JCT STANDARD BUILDING CONTRACT WITH APPROXIMATE QUANTITIES (2005 EDITION)
650 24 - SUBJECT ADDED ENTRY--TOPICAL TERM
Topical term or geographic name entry element JCT STANDARD BUILDING CONTRACT WITHOUT QUANTITIES (2005 EDITION)
651 #4 - SUBJECT ADDED ENTRY--GEOGRAPHIC NAME
Geographic name United Kingdom
Chronological subdivision
690 ## - LOCAL SUBJECT ADDED ENTRY--TOPICAL TERM (OCLC, RLIN)
Topical term or geographic name as entry element BUILT ENVIRONMENT-BUILDING CONTRACT FORMS-STANDARD FORMS OF BUILDING CONTRACT-JOINT CONTRACTS TRIBUNAL CONTRACTS
942 ## - ADDED ENTRY ELEMENTS (KOHA)
Suppress in OPAC 0
Holdings
Withdrawn status Lost status Source of classification or shelving scheme Damaged status Not for loan Home library Current library Shelving location Date acquired Cost, normal purchase price Total Checkouts Full call number Barcode Date last seen Date last checked out Copy number Cost, replacement price Price effective from Koha item type
    Dewey Decimal Classification     London London Books 08/01/2008 39.95 12 692.8 LUP 30074346 06/08/2019 09/10/2009 1 39.95 06/08/2019 Book